Countries of Europe Quiz Stats

 Plays Quiz Updated Feb 13, 2019

Score 0/47 Timer 08:00
1,279 Plays Today
% Correct
United
Kingdom
96.7%
France
96.1%
Italy
95.9%
Spain
96%
Germany
95.9%
Ireland
95.5%
Sweden
95.2%
Portugal
94.6%
Norway
94%
Finland
92.6%
Russia
92.5%
Poland
91.9%
Turkey
91.6%
Iceland
90.9%
Greece
89.2%
Denmark
88.7%
Switzerland
87.8%
Netherlands
86.4%
Belgium
86.3%
Austria
85.4%
Czechia
83.4%
Ukraine
83.2%
Hungary
80.1%
Latvia
78.9%
% Correct
Slovakia
78.1%
Lithuania
77.6%
Romania
77.4%
Estonia
76.7%
Croatia
73.9%
Luxembourg
72.9%
Belarus
72.3%
Vatican
City
70.2%
Slovenia
69.2%
Serbia
68.9%
Bulgaria
68.8%
Cyprus
67.3%
Albania
66.2%
North Macedonia
65.9%
Andorra
63.6%
Bosnia and
Herzegovina
63%
Malta
62.9%
Monaco
60.1%
Montenegro
59.2%
Moldova
58.5%
Liechtenstein
55%
Kosovo
54.6%
San
Marino
53.1%

You're not logged in!

Compare scores with friends on all Sporcle quizzes.
OR
Log In

Sporcle TV

Playing the Countries of Europe Quiz


Watch Sporcle's founder, Matt, name all the countries of Europe, mostly by following bordering countries.

Show Comments

Extras

Top Quizzes Today


Score Distribution

Your Account Isn't Verified!

In order to create a playlist on Sporcle, you need to verify the email address you used during registration. Go to your Sporcle Settings to finish the process.

Report this User

Report this user for behavior that violates our Community Guidelines.

Details: